| 000 | 00892nam a2200193 4500 | ||
|---|---|---|---|
| 999 |
_c56872 _d56872 |
||
| 005 | 20221024153440.0 | ||
| 008 | 190527s1976 enk||||| |||| 00| 0 eng d | ||
| 041 | _aeng | ||
| 080 | _a811.111 H-84 | ||
| 100 |
_aФалькович, М. М. _91664 |
||
| 245 |
_aHow to speak about art in english : _bПособие по разв. нвыков устной речи / _cФалькович М. Лебединская Е. Стрелкова, Н. Цигельная А. |
||
| 264 |
_aМосква: _bМеждународные отношения, _c1976. |
||
| 300 |
_a214 стр.; _b21 cm. |
||
| 653 | _aინგლისური ენა | ||
| 700 |
_aФалькович, М., ,, Цигельная А. _eავტორი _91665 |
||
| 700 |
_aЛебединская, Е. _eავტორი _91666 |
||
| 700 |
_aСтрелкова, Н. и др. _eავტორი _91667 |
||
| 942 |
_2udc _cBK |
||